Environment and plant ecology. (Record no. 84828)

MARC details
000 -LEADER
fixed length control field 00462nam a2200205Ia 4500
008 - FIXED-LENGTH DATA ELEMENTS--GENERAL INFORMATION
fixed length control field 210210b1976 xxu||||| |||| 00| 0 eng d
020 ## - INTERNATIONAL STANDARD BOOK NUMBER
International Standard Book Number 0 85226 243 4
082 ## - DEWEY DECIMAL CLASSIFICATION NUMBER
Classification number 581.5 ETHE
100 ## - MAIN ENTRY--PERSONAL NAME
Personal name ETHERINGTON (John R)
245 ## - TITLE STATEMENT
Title Environment and plant ecology.
250 ## - EDITION STATEMENT
Edition statement
260 ## - PUBLICATION, DISTRIBUTION, ETC.
Place of publication, distribution, etc. N Delhi
Name of publisher, distributor, etc.
Date of publication, distribution, etc. 1976
300 ## - PHYSICAL DESCRIPTION
Extent xii,347
650 ## - SUBJECT ADDED ENTRY--TOPICAL TERM
Topical term or geographic name entry element plant
650 ## - SUBJECT ADDED ENTRY--TOPICAL TERM
Topical term or geographic name entry element Environment
650 ## - SUBJECT ADDED ENTRY--TOPICAL TERM
Topical term or geographic name entry element ecology.
650 ## - SUBJECT ADDED ENTRY--TOPICAL TERM
Topical term or geographic name entry element and
690 ## - LOCAL SUBJECT ADDED ENTRY--TOPICAL TERM (OCLC, RLIN)
Topical term or geographic name as entry element Botany
906 ## - LOCAL DATA ELEMENT F, LDF (RLIN)
a 034229
Holdings
Withdrawn status Lost status Damaged status Not for loan Collection code Home library Current library Shelving location Date acquired Source of acquisition Cost, normal purchase price Total Checkouts Full call number Barcode Date last seen Price effective from Koha item type
          St Aloysius Library St Aloysius Library   02/17/2021 Athree Book Centre, Mangalore-01. 28.00   581.5 ETHE 034229 02/17/2021 02/17/2021 Book